Online Public Access Catalogue

Genital dermatoses / (Record no. 10887)

MARC details
000 -LEADER
fixed length control field 00404nam a22001697a 4500
020 ## - INTERNATIONAL STANDARD BOOK NUMBER
International Standard Book Number 9789352500123
082 ## - DEWEY DECIMAL CLASSIFICATION NUMBER
Classification number 616.65
Author Mark THO
100 ## - MAIN ENTRY--PERSONAL NAME
Author Name Thomas, Jayakar ED
245 ## - TITLE STATEMENT
Title Genital dermatoses /
Subtitle BY Thomas, Jayakar
250 ## - EDITION STATEMENT
Edition statement 2ND
260 ## - PUBLICATION, DISTRIBUTION, ETC.
Place of publication, distribution, etc. CLAYTON
Name of publisher, distributor, etc. JP
Date of publication, distribution, etc. 2016
300 ## - PHYSICAL DESCRIPTION
No of Pages 232
illustrations ILL
Dimensions 23CM
504 ## - BIBLIOGRAPHY, ETC. NOTE
Bibliography, Index, etc. note NIL
650 ## - SUBJECT ADDED ENTRY--TOPICAL TERM
Subject Dermatology
942 ## - ADDED ENTRY ELEMENTS (KOHA)
Source of classification or shelving scheme
Koha item type Books
952 ## - LOCATION AND ITEM INFORMATION (KOHA)
-- 2019-01-02
Holdings
Item status Home library Current library Shelving location Date acquired Source of acquisition Total Checkouts Full call number Barcode Date last seen Koha item type
  Islamabad Medical and Dental College Islamabad Medical and Dental College Islamabad Medical and Dental College 02/01/2019 PAK BOOK   616.65 THO 10757 02/01/2019 Books

Copyright @ IMDC Library
Islamabad Medical and Dental College
Bhara Kahu, Islamabad

  Contact the Librarian, IMDC
  Email:: library@imdcollege.edu.pk

  OPAC Customized by
  Mazhar Hussain,
  Librarian:
  Islamabad Medical and Dental College
  Email:: library@imdcollege.edu.pk